[Event "9th Semana Santa Alicante"]
[Site "San Vicente ESP"]
[Date "2025.04.18"]
[Round "5.38"]
[White "Raczek, Krzysztof"]
[Black "Safarov, Deniel"]
[Result "1-0"]
[WhiteTitle "IM"]
[BlackTitle "FM"]
[WhiteElo "2448"]
[BlackElo "2308"]
[WhiteFideId "21005303"]
[BlackFideId "13619802"]
[EventDate "2025.04.16"]

1. e4 c6 2. Nf3 d5 3. Nc3 dxe4 4. Nxe4 Nf6 5. Qe2 Nxe4 6. Qxe4 Be6 7. b3 Nd7 8.
Bb2 Nf6 9. Qe2 Bf5 10. O-O-O e6 11. Ne5 Bd6 12. g4 Be4 13. Rg1 Bxe5 14. Bxe5 Qd5
15. Bxf6 gxf6 16. Qe3 Bg6 17. h4 h5 18. g5 fxg5 19. Rxg5 Qd6 20. Bc4 Kd7 21. Kb2
Kc7 22. a4 Rhd8 23. d4 Rg8 24. Be2 Rh8 25. a5 Rad8 26. a6 b6 27. Bf3 Kb8 28. Qc3
Rc8 29. Rc5 Rhd8 30. Rc4 Rc7 31. Bxc6 Rdc8 32. Bb7 b5 33. Rc5 Rd8 34. Bc6 Be4
35. Bxe4 Rxc5 36. dxc5 Qxd1 37. Qe5+ Kc8 38. Bb7+ Kd7 39. c6+ Ke7 40. c7 Rd2 1-0

[Event "9th Semana Santa Alicante"]
[Site "San Vicente ESP"]
[Date "2025.04.18"]
[Round "5.39"]
[White "Sowinski, Pawel"]
[Black "George Samir, David"]
[Result "1/2-1/2"]
[WhiteTitle "IM"]
[BlackTitle "FM"]
[WhiteElo "2428"]
[BlackElo "2303"]
[WhiteFideId "21881979"]
[BlackFideId "10657789"]
[EventDate "2025.04.16"]

1. c4 e5 2. a3 Nf6 3. d3 a5 4. Nf3 Nc6 5. Nc3 g6 6. g3 Bg7 7. Bg2 O-O 8. O-O h6
9. Rb1 d6 10. b4 axb4 11. axb4 Be6 12. e4 Nd7 13. Be3 f5 14. exf5 gxf5 15. Nh4
f4 16. Bd2 Rb8 17. Nd5 Nd4 18. Bc3 Nf5 19. Nxf5 Bxf5 20. gxf4 c6 21. Ne3 exf4
22. Nxf5 Rxf5 23. Bxg7 Kxg7 24. Bh3 Rg5+ 25. Kh1 Ne5 26. d4 Nxc4 27. Re1 Qf8 28.
Qd3 b5 29. Bd7 d5 30. Re6 Nd6 31. f3 Nf5 32. Rxc6 Ne3 33. Bh3 Rb7 34. Rbc1 Qxb4
35. Rc7+ Rxc7 36. Rxc7+ Kf6 37. Rc1 Qb2 38. Rc6+ Kg7 1/2-1/2

[Event "9th Semana Santa Alicante"]
[Site "San Vicente ESP"]
[Date "2025.04.18"]
[Round "5.40"]
[White "Perossa, Nicolas"]
[Black "Marin, Mihail"]
[Result "0-1"]
[WhiteTitle "FM"]
[BlackTitle "GM"]
[WhiteElo "2274"]
[BlackElo "2426"]
[WhiteFideId "2850520"]
[BlackFideId "1200020"]
[EventDate "2025.04.16"]

1. e4 e6 2. d4 d5 3. Nc3 Nf6 4. Bg5 Be7 5. e5 Nfd7 6. h4 h6 7. Bxe7 Qxe7 8. f4
O-O 9. g4 c5 10. g5 cxd4 11. Nb5 Qb4+ 12. Qd2 Qxd2+ 13. Kxd2 Nc6 14. Nf3 Nc5 15.
Bd3 Bd7 16. gxh6 gxh6 17. Rag1+ Kh8 18. Nd6 f5 19. Rg6 Kh7 20. Rhg1 Rg8 21. Rxg8
Rxg8 22. Rxg8 Kxg8 23. Bb5 Kg7 24. Bxc6 bxc6 25. h5 Ne4+ 26. Nxe4 dxe4 27. Nxd4
Kf8 28. c4 Ke7 29. Ne2 Be8 30. Ng3 Kd7 31. c5 Kc7 32. b4 a5 33. bxa5 Kb7 34. Kc3
Ka6 35. Ne2 Bxh5 36. Nd4 Bf7 37. Nxc6 h5 38. Nd8 h4 39. c6 Be8 40. Nxe6 Bxc6 41.
Nd4 Bd7 42. Kd2 h3 43. Ne2 h2 44. Ng3 Kxa5 45. Ke3 Kb4 46. Kf2 Kc3 47. Kg2 Kd3 0-1

[Event "9th Semana Santa Alicante"]
[Site "San Vicente ESP"]
[Date "2025.04.19"]
[Round "6.1"]
[White "Zanan, Evgeny"]
[Black "Murzin, Volodar"]
[Result "1/2-1/2"]
[WhiteTitle "GM"]
[BlackTitle "GM"]
[WhiteElo "2454"]
[BlackElo "2658"]
[WhiteFideId "24101940"]
[BlackFideId "44155573"]
[EventDate "2025.04.16"]

1. e4 c5 2. Nf3 e6 3. d4 cxd4 4. Nxd4 Nc6 5. Nc3 a6 6. Bf4 d6 7. Nxc6 bxc6 8.
Bg3 Be7 9. Be2 d5 10. O-O Nf6 11. e5 Nd7 12. Na4 O-O 13. c4 Nb6 14. Nxb6 Qxb6
15. b3 a5 16. Rb1 Bd7 17. Bd3 Rfd8 18. Qc2 g6 19. Kh1 Qb4 20. a4 Rdb8 21. f4 Rb7
22. Be1 Qb6 23. Bf2 Qd8 24. Be3 Rab8 25. c5 Qf8 26. Rfc1 Bd8 27. Bd2 Bc7 28. Rf1
Be8 29. Rf3 Bd8 30. Ba6 Ra7 31. Bd3 Rab7 32. Ba6 Ra7 33. Bd3 Rab7 1/2-1/2

[Event "9th Semana Santa Alicante"]
[Site "San Vicente ESP"]
[Date "2025.04.19"]
[Round "6.2"]
[White "Vetokhin, Savva"]
[Black "Krstulovic, Alex"]
[Result "1-0"]
[WhiteTitle "GM"]
[BlackTitle "IM"]
[WhiteElo "2549"]
[BlackElo "2429"]
[WhiteFideId "44144474"]
[BlackFideId "760056"]
[EventDate "2025.04.16"]

1. d4 Nf6 2. c4 g6 3. Nc3 d5 4. Nf3 Bg7 5. Qb3 dxc4 6. Qxc4 Be6 7. Qb5+ Bd7 8.
Qxb7 Nc6 9. Qb3 Rb8 10. Qd1 Bf5 11. a3 O-O 12. e3 e5 13. Nxe5 Nxe5 14. dxe5 Ne4
15. Qxd8 Rfxd8 16. Nxe4 Bxe4 17. f3 Bd5 18. e4 Be6 19. f4 Rd4 20. b4 Rxe4+ 21.
Kf2 f6 22. Be3 Rd8 23. Be2 fxe5 24. Rad1 Rxd1 25. Rxd1 exf4 26. Bxa7 Bb2 27. Bd3
Bg4 28. Rd2 Bd4+ 29. Kf1 Be3 30. Bxe4 Bxd2 31. Bb8 Bd7 32. Bd3 c6 33. Ke2 Bc1
34. a4 Bg4+ 35. Ke1 Ba3 36. Bd6 Kf7 37. a5 Ke8 38. Be4 1-0

[Event "9th Semana Santa Alicante"]
[Site "San Vicente ESP"]
[Date "2025.04.19"]
[Round "6.3"]
[White "Prraneeth, Vuppala"]
[Black "Almeida Quintana, Omar"]
[Result "1/2-1/2"]
[WhiteTitle "GM"]
[BlackTitle "GM"]
[WhiteElo "2433"]
[BlackElo "2483"]
[WhiteFideId "46622373"]
[BlackFideId "3503313"]
[EventDate "2025.04.16"]

1. e4 g6 2. d4 Bg7 3. Nf3 d6 4. Be3 Nf6 5. Nc3 c6 6. Qd2 Qa5 7. h3 Nbd7 8. Bd3
e5 9. O-O O-O 10. a3 Re8 11. Rad1 exd4 12. Nxd4 Qc7 13. Nb3 b5 14. Be2 a5 15.
Qxd6 Qxd6 16. Rxd6 b4 17. Na4 Nxe4 18. Rxc6 Ng3 19. fxg3 Rxe3 20. Bg4 h5 21. Bf3
Ne5 22. Nb6 Nxc6 23. Nxa8 Nd4 24. axb4 Ba6 25. Nxd4 Bxd4 26. Rd1 Re1+ 27. Kh2
Rxd1 28. Bxd1 axb4 29. Nc7 Bc4 30. b3 Be5 31. bxc4 Bxc7 1/2-1/2

[Event "9th Semana Santa Alicante"]
[Site "San Vicente ESP"]
[Date "2025.04.19"]
[Round "6.4"]
[White "Flores Quillas, Diego Saul Rodri"]
[Black "Fernandez Guillen, Ernesto J."]
[Result "0-1"]
[WhiteTitle "IM"]
[BlackTitle "IM"]
[WhiteElo "2400"]
[BlackElo "2474"]
[WhiteFideId "3822508"]
[BlackFideId "3512428"]
[EventDate "2025.04.16"]

1. e4 e5 2. Nf3 Nc6 3. Bb5 Nge7 4. c3 a6 5. Ba4 Ng6 6. d4 exd4 7. cxd4 Bb4+ 8.
Bd2 Bxd2+ 9. Qxd2 O-O 10. Nc3 d6 11. h3 h6 12. O-O-O b5 13. Bc2 Na5 14. b3 Bb7
15. h4 Re8 16. h5 Nf8 17. Rh3 b4 18. Nd5 Bxd5 19. exd5 c5 20. Qf4 Nd7 21. Qf5
Nf6 22. Rg3 Rc8 23. Ng5 hxg5 24. Qxg5 Ng4 25. Qxd8 Rexd8 26. Rxg4 c4 27. Rg3 Re8
28. Kd2 Rc7 29. Re3 Rec8 30. Bf5 Rb8 31. Rde1 Kf8 32. g4 cxb3 33. axb3 Rc3 34.
Bc2 Rcc8 35. g5 Rb5 36. Bf5 Rd8 37. Be4 Rc8 38. h6 g6 39. Bxg6 Rxd5 40. Re8+
Rxe8 41. Rxe8+ Kxe8 42. Be4 Rxg5 0-1

[Event "9th Semana Santa Alicante"]
[Site "San Vicente ESP"]
[Date "2025.04.19"]
[Round "6.5"]
[White "Stearman, Josiah"]
[Black "Smirnov, Mark"]
[Result "1/2-1/2"]
[WhiteTitle "IM"]
[BlackTitle "FM"]
[WhiteElo "2441"]
[BlackElo "2336"]
[WhiteFideId "2062496"]
[BlackFideId "13764594"]
[EventDate "2025.04.16"]

1. e4 d6 2. d4 Nf6 3. Nc3 e5 4. Nf3 Nbd7 5. Bc4 Be7 6. O-O O-O 7. a4 c6 8. a5
Rb8 9. Bb3 b5 10. axb6 axb6 11. d5 Bb7 12. dxc6 Bxc6 13. Re1 Nc5 14. Bd5 Nxd5
15. Nxd5 b5 16. b4 Na4 17. c4 Nb6 18. c5 Nc4 19. Be3 Bxd5 20. exd5 dxc5 21. Bxc5
Rc8 22. Bxe7 Qxe7 23. Nxe5 Nxe5 24. f4 Nf3+ 25. Qxf3 Qxb4 26. Red1 Rfd8 27. h3
Qc3 28. Qxc3 Rxc3 29. d6 Rc6 30. d7 Kf8 31. Rab1 1/2-1/2

[Event "9th Semana Santa Alicante"]
[Site "San Vicente ESP"]
[Date "2025.04.19"]
[Round "6.6"]
[White "Tanriverdi, Enes"]
[Black "Chasin, Nico"]
[Result "1-0"]
[WhiteTitle "IM"]
[BlackTitle "IM"]
[WhiteElo "2388"]
[BlackElo "2435"]
[WhiteFideId "34543279"]
[BlackFideId "30908477"]
[EventDate "2025.04.16"]

1. e4 c5 2. Nf3 e6 3. d4 cxd4 4. Nxd4 a6 5. Bd3 Bc5 6. Nb3 Ba7 7. Nc3 b5 8. Qe2
b4 9. Nd1 a5 10. Be3 Nc6 11. Bxa7 Rxa7 12. Ne3 a4 13. Nd2 Nge7 14. O-O O-O 15.
f4 d5 16. Kh1 Bb7 17. Rad1 Qa5 18. exd5 exd5 19. Nf3 h6 20. f5 f6 21. Nxd5 Nxd5
22. Bc4 Ne5 23. Nxe5 fxe5 24. Qxe5 Rd8 25. f6 Ba8 26. Qe6+ Kf8 27. Rf5 Rad7 28.
fxg7+ Kxg7 29. Rd3 Qb6 30. Rg3+ Kh8 31. Qe5+ Kh7 32. Rf7+ 1-0

[Event "9th Semana Santa Alicante"]
[Site "San Vicente ESP"]
[Date "2025.04.19"]
[Round "6.7"]
[White "Puranik, Abhimanyu"]
[Black "Oro, Faustino"]
[Result "1/2-1/2"]
[WhiteTitle "GM"]
[BlackTitle "IM"]
[WhiteElo "2636"]
[BlackElo "2423"]
[WhiteFideId "5061245"]
[BlackFideId "20000197"]
[EventDate "2025.04.16"]

1. d4 Nf6 2. Nf3 d5 3. c4 e6 4. Nc3 Bb4 5. cxd5 exd5 6. Bf4 Ne4 7. Rc1 Qe7 8.
Nd2 Nxc3 9. bxc3 Ba3 10. Rb1 O-O 11. h4 c5 12. dxc5 Bxc5 13. e3 Bf5 14. Rb2 Rc8
15. Nb3 Ba3 16. Rd2 Be6 17. Rc2 Nd7 18. Bd3 Nf6 19. Bg5 h6 20. Nd4 hxg5 21. hxg5
g6 22. gxf6 Qxf6 23. Qf3 Qxf3 24. gxf3 Bd7 25. Bb5 Bxb5 26. Nxb5 Be7 27. Kd2 Rc4
28. Nd4 1/2-1/2

[Event "9th Semana Santa Alicante"]
[Site "San Vicente ESP"]
[Date "2025.04.19"]
[Round "6.8"]
[White "Gloeckler, Christian"]
[Black "Lu, Shanglei"]
[Result "0-1"]
[WhiteTitle "FM"]
[BlackTitle "GM"]
[WhiteElo "2423"]
[BlackElo "2618"]
[WhiteFideId "34608966"]
[BlackFideId "8603332"]
[EventDate "2025.04.16"]

1. e4 c5 2. Nf3 d6 3. d4 cxd4 4. Nxd4 Nf6 5. Nc3 a6 6. Be3 e5 7. Nf3 Be7 8. Bc4
O-O 9. O-O Be6 10. Bxe6 fxe6 11. Na4 Ng4 12. Qd3 b5 13. Nb6 Nxe3 14. Qxe3 Ra7
15. Nd5 Rb7 16. Nxe7+ Qxe7 17. Rad1 Nd7 18. Rd2 Rc8 19. Rfd1 Rc6 20. g3 b4 21.
Kg2 h6 22. a3 bxa3 23. Qxa3 Nc5 24. Re2 Qc7 25. Qa2 Qb6 26. b3 a5 27. Nd2 a4 28.
Re3 Ra7 29. bxa4 Rxa4 30. Ra3 Qb4 31. Rxa4 Qxa4 32. Ra1 Qxa2 33. Rxa2 Kf7 34.
Kf3 Kf6 35. Ke3 g5 36. Ra7 d5 37. c3 Nb3 38. Kd3 d4 39. Nxb3 Rxc3+ 40. Ke2 Rxb3
41. Rh7 Kg6 42. Re7 Rb6 43. Kf1 g4 44. Ke2 h5 45. Kf1 Rb1+ 46. Ke2 Rb2+ 47. Kf1
Kf6 48. Rh7 Ra2 49. h4 gxh3 50. Rxh5 Ra1+ 51. Ke2 Rh1 52. Rh7 h2 53. Kd2 Kg5 54.
Ke2 d3+ 55. Kd2 Kg4 56. Rh4+ Kf3 57. g4 Kg2 58. g5 Rf1 59. g6 Rxf2+ 60. Ke3 Rf3+
61. Kd2 h1=Q 0-1

[Event "9th Semana Santa Alicante"]
[Site "San Vicente ESP"]
[Date "2025.04.19"]
[Round "6.9"]
[White "Ivanchuk, Vasyl"]
[Black "Espinosa Aranda, Angel"]
[Result "1-0"]
[WhiteTitle "GM"]
[BlackTitle "IM"]
[WhiteElo "2604"]
[BlackElo "2418"]
[WhiteFideId "14100010"]
[BlackFideId "2278189"]
[EventDate "2025.04.16"]

1. e4 e6 2. d4 d5 3. e5 c5 4. c3 Qb6 5. Nf3 Bd7 6. a3 cxd4 7. cxd4 Bb5 8. Bxb5+
Qxb5 9. Nc3 Qa6 10. b4 Nd7 11. b5 Qa5 12. Bd2 Qd8 13. Na4 Ne7 14. Rc1 Ng6 15. h4
h5 16. Qb3 Ne7 17. O-O Nf5 18. g3 Be7 19. Bb4 O-O 20. Bxe7 Nxe7 21. Nc5 Rb8 22.
Ng5 Nxc5 23. Rxc5 Nf5 24. Rfc1 Nxd4 25. Qd3 Nf5 26. Rc7 d4 27. f3 Qd5 28. R1c5
Qa2 29. g4 f6 30. exf6 gxf6 31. gxf5 fxg5 32. f6 1-0

[Event "9th Semana Santa Alicante"]
[Site "San Vicente ESP"]
[Date "2025.04.19"]
[Round "6.10"]
[White "Ladron De Guevara Pinto, Paolo"]
[Black "Kozak, Adam"]
[Result "0-1"]
[WhiteTitle "IM"]
[BlackTitle "GM"]
[WhiteElo "2411"]
[BlackElo "2598"]
[WhiteFideId "2290847"]
[BlackFideId "753246"]
[EventDate "2025.04.16"]

1. e4 c5 2. Nf3 d6 3. Bb5+ Nc6 4. O-O Bd7 5. Re1 Nf6 6. c3 a6 7. Bf1 Bg4 8. h3
Bxf3 9. Qxf3 g6 10. Qd1 Bg7 11. d3 O-O 12. Nd2 Nd7 13. Nf3 Nde5 14. Nh2 Nd7 15.
Be3 Qa5 16. a3 Rac8 17. d4 cxd4 18. cxd4 Nf6 19. Bd3 e5 20. Nf3 exd4 21. Nxd4
Ne5 22. b4 Qd8 23. f4 Nxd3 24. Qxd3 Re8 25. Bf2 d5 26. e5 Ne4 27. Rac1 Rxc1 28.
Rxc1 g5 29. Be3 gxf4 30. Bxf4 Bxe5 31. Bxe5 Rxe5 32. Nf3 Re6 33. Qd4 h6 34. Rd1
Rd6 35. Qe5 Qb6+ 36. Kh2 Rg6 37. Rd4 Nf6 38. Rf4 Qf2 39. Nh4 Ng4+ 40. Rxg4 Rxg4
41. Qb8+ Kh7 42. hxg4 Qxh4+ 43. Kg1 Qe1+ 44. Kh2 Qh4+ 45. Kg1 Qe7 46. Qf4 Qe6
47. a4 Kg7 48. Qd4+ Kg6 49. Kh2 Qd6+ 50. Kh3 Qd7 51. Kh4 Kh7 52. Qd3+ Kg8 53.
Qd4 Qxa4 54. Qxd5 Qxb4 55. Qe5 Qf8 56. g5 Qd8 57. Kh3 hxg5 58. Kg4 f6 59. Qc5
Kg7 0-1

[Event "9th Semana Santa Alicante"]
[Site "San Vicente ESP"]
[Date "2025.04.19"]
[Round "6.11"]
[White "Iturrizaga Bonelli, Eduardo"]
[Black "Krishna, C R G"]
[Result "1/2-1/2"]
[WhiteTitle "GM"]
[BlackTitle "IM"]
[WhiteElo "2585"]
[BlackElo "2415"]
[WhiteFideId "3901211"]
[BlackFideId "5018625"]
[EventDate "2025.04.16"]

1. c4 e5 2. e3 g6 3. Nc3 Bg7 4. Nf3 Ne7 5. d4 exd4 6. Nxd4 d5 7. Be2 O-O 8. O-O
dxc4 9. Bxc4 Nbc6 10. Nxc6 Nxc6 11. Qe2 Qh4 12. Rd1 Bf5 13. e4 Rae8 14. f3 Nd4
15. Qf2 Qxf2+ 16. Kxf2 Be6 17. Bxe6 Rxe6 18. Bf4 f5 19. exf5 Nxf5 20. Rd7 Rb6
21. Nd1 Bxb2 22. Nxb2 Rxb2+ 23. Kf1 Rf7 24. Rd8+ Rf8 25. Rd7 Rf7 26. Rd8+ Rf8 1/2-1/2

[Event "9th Semana Santa Alicante"]
[Site "San Vicente ESP"]
[Date "2025.04.19"]
[Round "6.12"]
[White "Stremavicius, Titas"]
[Black "Barp, Alberto"]
[Result "1-0"]
[WhiteTitle "GM"]
[BlackTitle "IM"]
[WhiteElo "2551"]
[BlackElo "2413"]
[WhiteFideId "12804444"]
[BlackFideId "872555"]
[EventDate "2025.04.16"]

1. d4 d5 2. Nf3 c5 3. c4 e6 4. cxd5 exd5 5. g3 Nc6 6. Bg2 Nf6 7. O-O Be7 8. dxc5
Bxc5 9. a3 Ne4 10. Nfd2 O-O 11. Nxe4 dxe4 12. Qxd8 Rxd8 13. Bxe4 Bd4 14. Nc3 Bg4
15. Bf4 Bxc3 16. bxc3 Bxe2 17. Rfb1 Ba6 18. c4 Rd4 19. Bd5 Bxc4 20. Bxc4 Rxc4
21. Rxb7 Nd4 22. Kg2 Ra4 23. Bb8 h5 24. Rc1 Rxa3 25. Rc8+ Kh7 26. Rxf7 Nc6 27.
Rxc6 Rxb8 28. Rcc7 Rg8 29. Kh3 Ra6 30. Kh4 Kh6 31. f4 Rf6 32. Rfd7 Rf5 33. Rxa7
Rc5 34. Rf7 Rc4 35. Ra6+ g6 36. Rf5 Kh7 37. Re5 Rg7 38. Kg5 Rc2 39. Ra8 Rf7 40.
Ra6 Rg7 41. h3 Rc3 42. Kh4 Rf3 43. Rf6 Ra3 44. g4 hxg4 45. hxg4 Ra4 46. Kg5 Raa7
47. Rb6 Rac7 48. Rb3 Rgf7 49. Rb4 Rc6 50. Rbe4 Kg7 51. Re6 Rfc7 52. Re8 Rc5+ 53.
R4e5 Kf7 54. Rh8 Kg7 55. Rd8 R5c6 56. Rb8 Rd6 57. Rbe8 Kf7 58. Kh6 Rf6 59. Rh8
Rxf4 60. Ree8 Re7 61. Rhf8+ Ke6 62. Rxe7+ Kd5 1-0

[Event "9th Semana Santa Alicante"]
[Site "San Vicente ESP"]
[Date "2025.04.19"]
[Round "6.13"]
[White "Sanchez, Sebastian Felipe"]
[Black "Sethuraman, S.P."]
[Result "1/2-1/2"]
[WhiteTitle "IM"]
[BlackTitle "GM"]
[WhiteElo "2415"]
[BlackElo "2548"]
[WhiteFideId "4403304"]
[BlackFideId "5021596"]
[EventDate "2025.04.16"]

1. Nf3 Nf6 2. g3 b6 3. Bg2 Bb7 4. O-O g6 5. c4 Bg7 6. Nc3 O-O 7. d3 c5 8. e4 d6
9. h3 Nc6 10. Be3 Rc8 11. Rc1 Nd7 12. a3 a6 13. Kh2 b5 14. cxb5 axb5 15. d4 b4
16. axb4 Nxb4 17. Qb3 Ba6 18. Rfd1 Nd3 19. Ra1 Rb8 20. Qa2 Nb4 21. Qb1 Bc4 22.
dxc5 Bxc3 23. bxc3 Nd3 24. Qc2 Rb2 25. Qa4 Bb3 26. Qa3 Bxd1 27. Rxd1 Nxf2 28.
Rf1 Nd3 29. cxd6 exd6 30. Rd1 N7c5 31. Bh6 Qa8 32. Qxa8 Rxa8 33. Kg1 Rab8 34.
Nd2 Rc2 35. Nc4 Nb2 36. Nxb2 Rbxb2 37. Bf3 f6 38. e5 fxe5 39. Bd5+ Kh8 40. Ra1
Rb8 41. Bg5 h5 42. h4 Na6 43. Be4 Rxc3 44. Rxa6 Rxg3+ 45. Kh2 Rxg5 46. hxg5 Rb4
47. Bxg6 Rh4+ 48. Kg3 Rg4+ 49. Kh3 Rxg5 50. Rxd6 Kg7 51. Be4 Rg4 52. Bf3 Rd4 53.
Re6 e4 54. Bxh5 e3 55. Rxe3 Kf6 56. Kg3 Kf5 57. Be2 Kf6 58. Bg4 Rd6 59. Re4 Rb6
60. Kf4 Rd6 61. Rb4 Ra6 62. Bf5 Rd6 63. Rb7 Ra6 64. Rh7 Rd6 65. Rh1 Rd4+ 66. Be4
Rd6 67. Rh5 Ke7 68. Bd5 Kf6 69. Rf5+ Ke7 70. Ke5 Rd7 71. Rh5 Rc7 72. Rh6 Rd7 73.
Bc6 Rc7 74. Rh7+ Kd8 75. Rh8+ Ke7 76. Rh6 Kd8 77. Kd5 Rg7 78. Kc5 Ke7 79. Bd5
Kd8 80. Kd6 Rd7+ 81. Kc6 Rc7+ 82. Kb6 Rg7 83. Be6 Ke7 84. Kc6 Rg1 85. Bc4 Rg7
86. Bd5 Kd8 87. Kd6 Rd7+ 88. Ke5 Re7+ 89. Be6 Rc7 90. Rh3 Ke7 91. Ra3 Rc5+ 92.
Bd5 Rc7 93. Ra6 Rd7 94. Be6 Rc7 95. Ra5 Rb7 96. Rc5 Ra7 97. Rc6 Ra5+ 98. Bd5 Ra7
99. Re6+ Kd8 100. Rg6 Re7+ 101. Kd6 Rd7+ 102. Kc5 Rc7+ 103. Bc6 Rh7 104. Rd6+
Kc7 105. Bd5 Re7 106. Rg6 Rh7 107. Ra6 Re7 108. Be6 1/2-1/2

[Event "9th Semana Santa Alicante"]
[Site "San Vicente ESP"]
[Date "2025.04.19"]
[Round "6.14"]
[White "Dragnev, Valentin"]
[Black "Elsness, Frode"]
[Result "1-0"]
[WhiteTitle "GM"]
[BlackTitle "IM"]
[WhiteElo "2538"]
[BlackElo "2408"]
[WhiteFideId "1634852"]
[BlackFideId "1501100"]
[EventDate "2025.04.16"]

1. e4 c5 2. Nf3 d6 3. Nc3 a6 4. a4 Nf6 5. Be2 e5 6. Bc4 Be7 7. d3 Nc6 8. Bg5 O-O
9. Bxf6 Bxf6 10. Nd5 Be6 11. c3 g6 12. Qd2 Bg7 13. h4 b5 14. Ba2 Na5 15. b4 cxb4
16. cxb4 Nc6 17. h5 Nd4 18. Nxd4 exd4 19. hxg6 hxg6 20. Nf4 Bxa2 21. Rxa2 Bf6
22. Nd5 Bg5 23. Qb2 Rc8 24. Ra1 Bf6 25. axb5 axb5 26. Ra7 Kg7 27. Rd7 Rh8 28.
Rxh8 Qxh8 29. Nxf6 Qh1+ 30. Ke2 Rc3 31. Qa2 Qxg2 32. Rxf7+ Kh6 33. Rh7+ Kg5 34.
Qd5+ Kf4 35. Rh4+ Qg4+ 36. Rxg4# 1-0

[Event "9th Semana Santa Alicante"]
[Site "San Vicente ESP"]
[Date "2025.04.19"]
[Round "6.15"]
[White "Heberla, Bartlomiej"]
[Black "Waldhausen Gordon, Frederick"]
[Result "1-0"]
[WhiteTitle "GM"]
[BlackTitle "FM"]
[WhiteElo "2523"]
[BlackElo "2407"]
[WhiteFideId "1115120"]
[BlackFideId "2409143"]
[EventDate "2025.04.16"]

1. d4 d5 2. c4 e6 3. Nf3 Nf6 4. g3 Be7 5. Bg2 O-O 6. Nc3 dxc4 7. Ne5 c5 8. dxc5
Qc7 9. Nxc4 Qxc5 10. b3 Nc6 11. Ba3 Nb4 12. O-O Rd8 13. Qc1 Rb8 14. Qf4 Bd7 15.
Rac1 Be8 16. Rfd1 Nh5 17. Qf3 Bc6 18. Bxb4 Rxd1+ 19. Rxd1 Qxb4 20. Qxh5 Qxc3 21.
Bxc6 bxc6 22. Rd7 Re8 23. Qa5 Qc2 24. Qxa7 Qb1+ 25. Kg2 Qe4+ 26. Kg1 Qb1+ 27.
Kg2 Qe4+ 28. f3 Qxe2+ 29. Qf2 Qxf2+ 30. Kxf2 Kf8 31. Rc7 c5 32. Rb7 Bf6 33. a4
Bc3 34. Ke2 Rd8 35. Rc7 Bb4 36. Ra7 f6 37. a5 Rc8 38. a6 Rc6 39. Kd3 h5 40. Ra8+
Kf7 41. Nb2 c4+ 42. Nxc4 Be1 43. Ke2 Bc3 44. Kd3 Be1 45. f4 Kg6 46. Ke2 Bc3 47.
Kd3 Be1 48. Ke2 Bc3 49. Ne3 Rd6 50. a7 Bd4 51. f5+ Kh7 52. Rh8+ Kxh8 53. a8=Q+
Kh7 54. Nc4 1-0

[Event "9th Semana Santa Alicante"]
[Site "San Vicente ESP"]
[Date "2025.04.19"]
[Round "6.16"]
[White "Ilinca, Felix-Antonio"]
[Black "Balakrishnan, Praveen"]
[Result "1-0"]
[WhiteTitle "IM"]
[BlackTitle "GM"]
[WhiteElo "2397"]
[BlackElo "2489"]
[WhiteFideId "54764998"]
[BlackFideId "2064871"]
[EventDate "2025.04.16"]

1. d4 d5 2. c4 e6 3. Nc3 Be7 4. cxd5 exd5 5. Bf4 Nf6 6. e3 Bf5 7. Qb3 Nc6 8. g4
Nxg4 9. Qxd5 Qxd5 10. Nxd5 Bb4+ 11. Nc3 O-O-O 12. Ne2 Rhe8 13. Bg2 Bd3 14. Bf3
Nf6 15. O-O-O Bg6 16. h4 Bh5 17. Rh3 Bxf3 18. Rxf3 Ne4 19. Nxe4 Rxe4 20. Ng3
Ree8 21. Nh5 g6 22. Nf6 Rh8 23. d5 Be7 24. Bg3 Nb4 25. a3 Bxf6 26. Rxf6 Nxd5 27.
Rxf7 Rhe8 28. Rxh7 Re6 29. Rd2 c6 30. Rd4 Rde8 31. Kd2 Ne7 32. e4 c5 33. Rc4 Kd7
34. Rxc5 Rxe4 35. f3 Rd4+ 36. Ke3 Rd1 37. Ke2 Rb1 38. Rd5+ Kc8 39. Re5 Kd7 40.
h5 Rxb2+ 41. Kf1 Rb6 42. Bh4 Re6 43. Rxe6 Kxe6 44. Bxe7 Rxe7 45. hxg6 Re8 46.
Rxb7 Kf6 47. g7 a5 48. f4 a4 49. Kf2 Kg6 50. Kf3 Kf6 51. Kg4 Kg6 52. Ra7 Rg8 53.
Kh4 Re8 54. f5+ Kf6 55. Rxa4 Kxg7 56. Kg5 Re5 57. Ra7+ Kf8 58. Kg6 Re1 59. Ra8+
Ke7 60. f6+ Kd7 61. f7 Rg1+ 62. Kh5 Rh1+ 63. Kg4 1-0

[Event "9th Semana Santa Alicante"]
[Site "San Vicente ESP"]
[Date "2025.04.19"]
[Round "6.17"]
[White "Diaz Camallonga, Carles"]
[Black "Ostrovskiy, Aleksandr"]
[Result "1-0"]
[WhiteTitle "IM"]
[BlackTitle "IM"]
[WhiteElo "2487"]
[BlackElo "2394"]
[WhiteFideId "22235256"]
[BlackFideId "2034239"]
[EventDate "2025.04.16"]

1. e4 c6 2. Nf3 d5 3. Nc3 dxe4 4. Nxe4 Nf6 5. Qe2 Na6 6. c3 Nxe4 7. Qxe4 Qd5 8.
Qf4 Nc5 9. d4 Ne4 10. Bd3 Nd6 11. O-O g6 12. Re1 Bg7 13. b3 b5 14. Ba3 O-O 15.
Rxe7 Nf5 16. Ree1 Rd8 17. Bc5 Be6 18. Ne5 Bh6 19. Qe4 Bd2 20. Nxc6 Bxe1 21. Rxe1
Rdc8 22. Qxd5 Bxd5 23. Nb4 Bb7 24. Bxb5 a5 25. Nd3 Rd8 26. Ne5 Ba6 27. Bc6 Rac8
28. d5 f6 29. Ng4 Kf7 30. Bb6 Rf8 31. c4 h5 32. Ne3 Ne7 33. Bd7 Ra8 34. Be6+ Kg7
35. Bxa5 Bc8 36. Bb4 Re8 37. Bxc8 1-0

[Event "9th Semana Santa Alicante"]
[Site "San Vicente ESP"]
[Date "2025.04.19"]
[Round "6.18"]
[White "Szpar, Milosz"]
[Black "Suarez Uriel, Adrian"]
[Result "1-0"]
[WhiteTitle "IM"]
[BlackTitle "IM"]
[WhiteElo "2481"]
[BlackElo "2388"]
[WhiteFideId "1184989"]
[BlackFideId "22230874"]
[EventDate "2025.04.16"]

1. e4 c5 2. c3 d5 3. exd5 Qxd5 4. d4 g6 5. Nf3 Bg7 6. Na3 cxd4 7. Nb5 Na6 8.
Nbxd4 Nf6 9. Bb5+ Bd7 10. Bxa6 bxa6 11. O-O O-O 12. Re1 Rfe8 13. Ne5 Rad8 14.
Qb3 a5 15. a4 Bc8 16. Nec6 Rd7 17. Bf4 Ba6 18. Be5 Rb7 19. Qa3 Nh5 20. b3 f6 21.
Bd6 e5 22. c4 Qf7 23. Nb5 Nf4 24. Nxa5 Qd7 25. f3 Rb6 26. Rad1 Qf5 27. Qa2 Bxb5
28. axb5 Nd3 29. c5 Rxd6 30. cxd6 Nxe1 31. Rxe1 Qd3 32. Nc4 Bf8 33. Qxa7 Bxd6
34. Nxd6 Qxd6 35. Rc1 Qd2 36. Qc7 Ra8 37. b6 Qd4+ 38. Kh1 Ra1 39. h3 Rxc1+ 40.
Qxc1 Qxb6 41. Qc4+ Kg7 42. b4 f5 43. b5 Qe3 44. Qb4 e4 45. fxe4 fxe4 46. b6 Qc1+
47. Kh2 Qf4+ 48. Kg1 Qc1+ 49. Kf2 Qc2+ 50. Kg3 Qd3+ 51. Kh2 Qe3 52. Qe7+ Kh6 53.
Qf8+ 1-0